[Event "GER-ch 70th"]
[Site "Bremen"]
[Date "1998.11.10"]
[Round "5"]
[White "Schmaltz, Roland"]
[Black "Zeller, Frank"]
[Result "1-0"]
[WhiteElo "2520"]
[BlackElo "2445"]
[Annotator "Gofshtein,L"]
[PlyCount "122"]
[EventDate "1998.11.06"]
[EventType "swiss"]
[EventRounds "9"]
[EventCountry "GER"]
[SourceTitle "CBM 068"]
[Source "ChessBase"]
[SourceDate "1999.02.01"]
[SourceVersion "1"]
[SourceVersionDate "1999.02.01"]
[SourceQuality "1"]

{[%mdl 20512]} 1. e4 {Baburin. Hecht} c5 2. Nf3 d6 3. d4 cxd4 4. Nxd4 Nf6 5.
Nc3 Nc6 6. Be2 e5 7. Nf3 h6 8. O-O Be7 9. h3 O-O 10. Nh2 {'!' Baburin. Baburin:
'This is a very standard plan for this pawn structure - White wants to
exchange the f6-knight, which controls the critical d5-square. In the game
Black failed to obstruct White's intentions.'} Nd4 11. Ng4 Nxe2+ 12. Qxe2 Nxg4
13. hxg4 Be6 14. Rd1 Rc8 (14... Bg5 15. Bxg5 Qxg5 16. Rxd6 Bxg4 17. f3 Be6 $11)
15. Nd5 Bxd5 $6 $14 (15... Bg5 $11) 16. Rxd5 Qc7 (16... Rc6 17. Be3 a6 18. Rad1
Qc7 19. c3 $14) (16... Rc5 17. Rxc5 dxc5 18. Be3 Qb6 19. b3 Rd8 20. Rd1 $14)
17. c3 Qc4 18. Qxc4 (18. Qf3 Rc5 $11) 18... Rxc4 19. f3 Rfc8 20. Be3 a6 {
Baburin: 'This position is of a particular interest to our theme: White has a
better bishop and more active rooks, but it takes precise play from White to
exploit these advantages, as there is little material remaining on the board.'}
21. a4 {'!' Baburin.} (21. Rad1 f6 22. Kf2 Kf7 23. Ke2 Ke6 $11) 21... f6 22.
Kf1 Kf7 23. Ke2 Ke6 24. Kd3 Bf8 (24... R4c6 $14) 25. Ra3 {'!' Baburin. Baburin:
'Yet another example of a rook lift.'} g6 {'?!' Baburin. Baburin: 'Maybe it
would be best for Black to stand still.'} 26. Rb3 R4c7 (26... R8c7 27. Rxb7 $1
Rxb7 28. Kxc4 Rxb2 29. Ra5 Rxg2 30. Rxa6 h5 31. gxh5 gxh5 32. Ra8 Be7 33. a5
$18) 27. Rb6 h5 28. gxh5 gxh5 29. f4 (29. a5 f5 $132) 29... Be7 30. f5+ Kd7 31.
Bf2 $6 (31. c4 Rxc4 (31... Ke8 32. b3 Bf8 33. c5 Rd7 (33... dxc5 34. Rxf6 Be7
35. Rh6 c4+ 36. bxc4 Rxc4 37. Rxe5 $18) 34. cxd6 Rcd8 35. Bc5 Rg7 36. Kc4 Rdd7
37. Rd2 $16) 32. Rxb7+ R4c7 (32... Ke8 33. b3 (33. Ra5 R4c6 34. Bb6 Rc2 35.
Rxa6 Rxb2 36. Raa7 Bf8 37. a5 Rb3+ 38. Ke2 Rb2+ 39. Kd3 Rb3+ $11) 33... Rc2 34.
Bd2 Bf8 35. Rb6 Bh6 36. Be1 Rc1 37. Bb4 Rb1 38. Bxd6 Rd1+ 39. Ke2 Rxd5 40. exd5
Rc2+ 41. Kd3 Rd2+ 42. Kc3 $16) 33. Rb6 $1 Rc6 (33... Rg8 34. Rxa6 Rxg2 35. b4
h4 36. Ra8 h3 37. Rh8 (37. a5 Rgc2 $19) 37... h2 38. Rb5 Rcc2 39. Rb7+ Rc7 40.
Rxc7+ Kxc7 41. Rh7 Kd7 42. a5 (42. b5 Ra2 43. b6 Ra3+ 44. Ke2 Rxa4 $11) 42...
Kc6 43. a6 d5 44. a7 Ra2 45. exd5+ Kxd5 46. Rxh2 $18) 34. Ra5 Bd8 35. Rb7+ R8c7
36. Rb8 Rc8 37. Rxc8 Kxc8 (37... Bxa5 38. Rxc6 Kxc6 39. Kc4 $18) 38. Rd5 Bb6
39. Bd2 Bd4 40. b4 Kc7 (40... Kd7 41. b5 axb5 42. Rxb5 Ra6 43. a5 Kc6 44. Kc4
$16) 41. b5 $1 axb5 42. axb5 Rc5 43. Rxc5+ $18) 31... Rg8 32. g3 Kc8 33. Rb4 $2
$11 (33. c4 $1 Rc6 34. a5 Rxb6 35. axb6 Kd7 36. Ke2 Kc6 37. b4 Rc8 38. Ra5 Bd8
39. b5+ axb5 40. cxb5+ Kd7 41. Kd3 d5 (41... Rc1 42. Ra7 Kc8 43. Ra8+ Kd7 44.
Rb8 Rb1 45. Rxb7+ Kc8 46. Rh7 Rxb5 47. Kc4 Rb2 48. b7+ Kb8 (48... Rxb7 49. Rxb7
Kxb7 50. Kd5 Kc7 51. Ke6 Kc6 52. Be3 Kb5 53. Kxd6 (53. Bh6 $1 Kc4 54. Bg7 d5 (
54... Kd3 55. Bxf6 $18) 55. exd5 e4 56. Bh6 Kd3 57. d6 e3 58. Bxe3 Kxe3 59. Kd7
Ba5 60. Ke7 Kf3 61. Kxf6 Kxg3 62. Ke6 h4 63. f6 h3 64. f7 h2 65. f8=Q h1=Q 66.
Qg7+ Kf2 (66... Kh3 67. Qh8+ Kg2 68. Qa8+ $18) 67. Qa7+ Kg3 68. Qxa5 $18) 53...
Kc4 54. Bf2 (54. Bc5 Ba5) 54... Kd3 55. Kd7 Ba5 56. Ke7 Kxe4 57. Kxf6 Kf3 58.
Bc5 e4 $11) 49. Be3 Re2 50. Kd3 Rb2 51. Rh8 Kc7 52. Bd2 Kd7 53. Ba5 Bxa5 54.
b8=Q Rxb8 55. Rxb8 $18) 42. exd5 Kd6 43. Ra7 Rb8 44. Ke4 Be7 45. Be3 Bf8 46.
Ra1 $16) 33... Rg4 34. Ke3 Bf8 35. Kf3 Kb8 $5 (35... Rcg7 36. Rc4+ Kd7 37. a5
h4 38. Kg2 hxg3 39. Bb6 Be7 $44) 36. c4 (36. a5 $2 Kc8 37. Bb6 Rcg7 38. Rc4+
Kb8 39. Bf2 h4 40. Kg2 hxg3 41. Bg1 (41. Bc5 dxc5 42. Rd8+ Ka7 43. Rxf8 Rh4 $19
) 41... Rh4 42. Rd3 Rgg4 43. Rxg3 d5 $1 44. Ra4 Bh6 45. Bb6 dxe4 46. Rc4 Bf4
47. Rxg4 Rxg4+ 48. Kf1 $44) 36... Kc8 37. b3 Rcg7 38. c5 $8 (38. a5 h4 39. gxh4
Rf4+ 40. Ke3 Rg2 41. Be1 Bh6 $19) 38... dxc5 39. Rb6 h4 $2 $16 (39... Be7 40.
Bxc5 Rxg3+ 41. Kf2 Rg2+ 42. Kf1 R2g4 43. Bxe7 Rxe7 (43... Rf4+ 44. Ke2 Rxe7 45.
Ke3 Rg7 46. Rc5+ Kd8 47. Rd6+ Ke7 48. Rd1 Rg3+ 49. Ke2 Rg2+ (49... Kf8 50. Rc7
$11) 50. Ke3 $11) 44. Rxf6 Rxe4 45. Re6 Rf7 46. Rexe5 Rxe5 47. Rxe5 Kd7 48. Kg2
$11) 40. Rxf6 (40. gxh4 Rf4+ 41. Ke3 Rg2 42. Be1 Rf1 43. Bc3 (43. Rxf6 Rxe1+
44. Kf3 Rg8 45. Rxe5 $44) 43... Rh1 44. Kf3 Rg8 45. Ba5 Be7 46. Re6 Rh3+ 47.
Kf2 Rh2+ 48. Kf3 Rh3+ 49. Kf2 $11 (49. Ke2 Rg2+ 50. Kf1 Rb2 51. Bd2 Rh1+ 52.
Kg2 Rd1 53. Rxe7 Rdxd2+ 54. Rxd2 Rxd2+ 55. Kf3 Rd3+ 56. Ke2 Rxb3 $15)) 40...
Be7 41. Rf7 hxg3 $2 $18 {It is too difficult - to play well endgame...} (41...
Rxg3+ 42. Bxg3 Rxf7 43. Bxe5 $16) 42. Rxg7 gxf2 (42... Rxg7 43. Bxg3 $18) 43.
Kxg4 f1=Q 44. Rxe7 {Hecht: '[#] Zwar sind die Türme der Dame klar überlegen,
zumal Weiß noch den f-Freibauern behält, doch bereitet die Königssicherung
einiges Kopfzerbrechen. '} Qf4+ 45. Kh5 Qxe4 46. Rexe5 Qf3+ 47. Kg6 Qg4+ (47...
Qxb3 48. Rxc5+ Kb8 49. a5 $18 (49. Re8+ Ka7 50. f6 Qg3+ (50... Qd3+ 51. Rf5 $18
) 51. Rg5 Qd3+ 52. Kg7 $18)) 48. Kf6 Qg8 49. Rxc5+ Kb8 50. Ke7 b6 51. Rc6 Qg7+
52. Kd6 Qh6+ 53. Kd5 Qh1+ 54. Kd6 Qh6+ 55. Re6 Qh2+ 56. Kd5 {Hecht: 'Ich
plädiere für das Verbleiben an der Front; etwa so:'} (56. Kd7 $5 {Hecht} Qh7+
57. Kd8 Qg8+ (57... Qxf5 58. Rxb6+ Ka7 59. Rxa6+ Kb7 60. Reb6#) 58. Re8 Qd5+ (
58... Qf7 59. Rc8+ Kb7 60. Re7+ $18) 59. Ke7+ Kb7 60. Rf6 Kc7 61. Kf8 $16 {
mit Mattgedanken. Andererseits scheint die Textfolge ok zu sein.}) 56... Qd2+
57. Kc4 Qf4+ 58. Kc3 Qc1+ 59. Kb4 a5+ (59... Qd2+ {Hecht} 60. Ka3 Ka7 (60... b5
61. Rb6+ Kc7 62. Rec6+ Kd7 63. Rd6+ $18) 61. f6 a5 (61... Qf4 62. Re7+ Kb8 63.
f7 $18) 62. f7 $18) 60. Kb5 Qf1+ 61. Kxb6 Qa6+ {Hecht: 'kein Patt!'} 1-0

[Event "Rovno"]
[Site "Rovno"]
[Date "2000.??.??"]
[Round "7"]
[White "Labensky, Igor"]
[Black "Bets, Anatolij"]
[Result "1-0"]
[WhiteElo "2367"]
[BlackElo "2413"]
[Annotator "Gofshtein,L"]
[PlyCount "59"]
[EventDate "2000.01.20"]
[EventType "tourn"]
[EventRounds "15"]
[EventCountry "UKR"]
[EventCategory "8"]
[SourceTitle "CBM 076"]
[Source "ChessBase"]
[SourceDate "2000.05.31"]
[SourceVersion "1"]
[SourceVersionDate "2000.05.31"]
[SourceQuality "1"]

1. e4 c5 2. Nf3 d6 3. d4 cxd4 4. Nxd4 Nf6 5. Nc3 Nc6 6. Be2 e5 7. Nf3 h6 8. O-O
Be7 9. Re1 O-O 10. h3 Be6 11. Bf1 Nb8 12. a4 Nbd7 13. a5 a6 14. Nd5 Nxd5 15.
exd5 Bf5 16. c4 Bh7 $14 {Here there are 2 another continuations:} (16... Re8
$14 17. b4 Bf6 (17... e4 18. Nd4 Bg6 19. Bf4 (19. Ra3 {1/2-1/2 Kuporosov,
V-Aseev Konstantin N/Brno "Moravia" 1991 (19)}) 19... Rc8 (19... Ne5 20. Bxe5
dxe5 21. Nc2 e3 22. Rxe3 Bxc2 23. Qxc2 Bxb4 24. Rb3 $14) 20. Qd2 Bg5 21. Bxg5
hxg5 22. Nb3 $14 {1/2-1/2 Kindermann,S-Kozul,Z/Munich 1992/Inf 56/ (53)}) (
17... Rc8 18. Qb3 e4 19. Nd4 Bg6 20. Be3 Ne5 $14 {1-0 Cseshkovsky
Vitaly-Dokhoian,Y/YUG tt 1994 (67)}) 18. Be3 e4 19. Nd4 Bg6 20. Qb3 (20. Ra3
Ne5 21. Qd2 Nd3 22. Bxd3 exd3 23. Rc1 Bxd4 24. Bxd4 Re2 25. Qc3 Qg5 $17 {
0-1 Beshukov,S-Aseev Konstantin N/Helsinki 1992 (36)}) 20... Rc8 (20... Ne5 21.
c5 Nd3 22. c6 bxc6 23. Bxd3 exd3 24. Nxc6 Qd7 25. Rad1 Be4 $132 {1-0
Zagrebelny,S-Obodchuk,A/Moscow (RUS) 1995 (82)}) 21. Red1 Bg5 22. Re1 $132 (22.
c5 Bxe3 23. fxe3 dxc5 24. Ne6 Qe7 25. Nxc5 Nxc5 26. bxc5 Qxc5 $15 {0-1
Zagrebelny,S-Benjamin,J/Luzern 0/Inf 59 (95)})) (16... Bg6 $14 {According to
modern theory this variation also don't promise to Black equal position.} 17.
Nd2 (17. b4 f5 (17... Kh8 18. Bb2 f5 19. c5 $14 {1-0 Tolnai,T-Wang Zili/
Lucerne World teams ch 1989 (53)}) (17... Rc8 18. Bb2 e4 (18... Re8 19. Qb3 e4
20. Nd4 Ne5 21. f4 exf3 22. Nxf3 Nxf3+ 23. Qxf3 Bg5 24. Qf2 Qd7 25. Rxe8+ (25.
h4 Be7 26. Re2 $14) 25... Rxe8 26. Re1 $14) 19. Nd2 Bf6 20. Bxf6 Nxf6 21. Qb3
Re8 22. Qe3 $5 $14 (22. Rac1 Nd7 23. Qe3 f5 24. c5 dxc5 25. bxc5 Qxa5 $44 {
1/2-1/2 Emelin,V-Bagaturov,G/Ashkhabad Turkmenistan 1990 (50)})) (17... e4 18.
Nd2 Bf6 (18... f5 19. Nb3 Bf6 20. Nd4 Be5 21. Ne6 Qf6 22. Nxf8 Rxf8 (22... Bxa1
23. Nxd7 $18) 23. Ra3 $16) 19. Ra2 Re8 20. Bb2 Bxb2 21. Rxb2 Qg5 22. Rb3 f5 23.
Rg3 Qf6 24. Rge3 Rac8 $132 {0-1 Fernandez Garcia,J-Hernandez,G/Bucaramanga
1992 (67)}) 18. Bb2 Bf6 19. Qb3 Re8 20. Rac1 Rc8 21. Qa3 Bf7 22. Red1 Bh5 $11 {
1/2-1/2 Sion Castro,M-Franco,Z/Leon 1988 (24)}) 17... Bf6 (17... Bg5 18. b4 Rc8
19. Bb2 f5 20. Nb3 $14) 18. Ra3 {[%csl Rb6,Rb7][%cal Ga3b3,Gb3b7]} Re8 19. Ne4
(19. b4 $14) 19... Bxe4 (19... Nc5 20. Nxf6+ Qxf6 21. Rae3 $16) 20. Rxe4 $14 {
1-0 Barua,D-Khalifman,A/Las Vegas 1999/CBM 72/ (60)}) 17. b4 Bf6 (17... e4 18.
Nd2 Bf6 19. Ra3 Re8 20. f3 (20. g3 b6 21. Bg2 bxa5 22. Rxa5 $14) 20... b6 (
20... Bd4+ 21. Kh1 Bf2 22. Re2 e3 23. Ne4 Bxe4 24. fxe4 Rxe4 25. Bxe3 Bxe3 26.
Raxe3 Rxe3 27. Rxe3 Ne5 28. Qd4 $14) (20... e3 21. Ne4 Bxe4 22. fxe4 (22. Raxe3
b6 23. Rxe4 Rxe4 24. Rxe4 bxa5 $11) 22... Rxe4 23. Bd3 Re8 24. Bxe3 Bh4 25. Re2
Ne5 $132) 21. Nxe4 Bxe4 22. Rxe4 Rxe4 23. fxe4 bxa5 24. bxa5 Nc5 25. Qg4 $14 {
0-1 Smagin,S-Timoshchenko,G/Beograd 1988/Inf 46/ (65)}) 18. Bb2 (18. Ra3 $5 e4
19. Nd2 Re8 $14 {Like in the game Smagin,S-Timoshchenko,G/Beograd 1988/Inf 46/
(65)}) 18... e4 19. Nd4 Re8 (19... Ne5 20. Qb3 $14) 20. Qb3 Ne5 21. c5 $2 (21.
Rac1 $14) 21... dxc5 22. bxc5 Qd7 23. Rac1 $6 $15 (23. Rad1 Nd3 24. Bxd3 exd3
25. Rxe8+ Rxe8 26. d6 $132) 23... Bg5 $2 (23... Nd3 24. Bxd3 exd3 25. Rxe8+
Rxe8 26. c6 (26. d6 d2 27. Rd1 Re1+ 28. Kh2 Be4 29. f4 (29. Rxd2 Be5+ $19)
29... Bxd4 30. Bxd4 Re2 $17) 26... bxc6 27. dxc6 Qc7 {[%cal Gd3d2,Ge8e1]} 28.
Qb4 {[%cal Gb4e1]} Rb8 29. Qc3 Rd8 30. Qb4 Bg6 $15) 24. Rcd1 Rac8 25. c6 bxc6
26. dxc6 Nxc6 27. Bxa6 (27. Nf3 Nxa5 28. Rxd7 Nxb3 29. Nxg5 hxg5 30. Bxa6 $44)
27... Rb8 28. Nb5 $2 $11 ({Very strong was} 28. Qc3 {with complicated
difficult for calculation variations:} Bf6 29. Nxc6 Bxc3 (29... Qe6 30. Rd4
Bxd4 31. Qxd4 Rxb2 32. Qxb2 Qxc6 33. Bb7 Qc5 34. Qd2 $16) 30. Rxd7 Rxb2 (30...
Bxe1 31. Nxb8 Rxb8 32. Be5 {[%csl Ga5]} Bf5 (32... Ra8 33. Bc4 Bg6 (33... Bxa5
34. Rxf7 $18 {[%csl Rg7,Rg8]}) 34. a6 $18) 33. Bxb8 Bxd7 34. Bc7 $18) 31. Re2
Rxe2 32. Bxe2 e3 33. a6 Be4 34. Nd4 Bxd4 35. Rxd4 exf2+ 36. Kxf2 Bc6 (36...
Bxg2 37. Bb5 Rb8 38. Kxg2 Rxb5 39. a7 $18) 37. Bf3 Bxf3 38. Kxf3 Ra8 39. Ra4
$16) 28... Qe7 (28... Qe6 29. Qg3 Red8 30. Rxd8+ Rxd8 31. Bb7 Qa2 32. Bc3 Nxa5
33. Bxe4 $11) 29. Qc3 Ne5 $4 {[%mdl 8192]} (29... Bf6 $1 30. Qxc6 Bxb2 31. Rd7
Qb4 32. Red1 Qxa5 33. Nd6 Rf8 (33... Red8 34. Bc4 Bg6 35. Nxf7 Rxd7 36. Ne5+ (
36. Rxd7 Kh7 $11) (36. Qxd7 Kh7 $11) 36... Rf7 37. Qxg6 (37. Nxg6 Qa7 38. Rd7
Qxf2+ 39. Kh1 Be5 40. Rd1 Bg3 41. Qxe4 $11) 37... Qxe5 38. Bxf7+ Kh8 39. Be6 e3
40. Bf5 exf2+ 41. Kf1 Kg8 42. Qh7+ Kf8 43. Qh8+ Ke7 44. Rd7+ Kf6 45. Qxg7+ Kxf5
46. Qf7+ Qf6 47. Qh5+ Ke4 (47... Ke6 48. Qd5#) 48. Qd5+ Ke3 49. Qd3+ Kf4 50.
Rd5 $18) 34. Bc4 Bg6 35. Nxe4 Rb6 $11) 30. Nd6 {[%csl Re5,Re8,Rg7][%cal Gb2g7]}
(30. Nd6 Bf6 31. Nxe8 Qxe8 32. Ba1 $1 Nf3+ 33. Qxf3 exf3 34. Rxe8+ Rxe8 35.
Bxf6 gxf6 36. Bb7 $18) 1-0

[Event "Perenyi Memorial"]
[Site "Gyula"]
[Date "2000.02.01"]
[Round "10"]
[White "Burnett, Ronald"]
[Black "Wang, Rui"]
[Result "1-0"]
[WhiteElo "2437"]
[BlackElo "2496"]
[Annotator "Gofshtein,L"]
[PlyCount "93"]
[EventDate "2000.01.24"]
[EventType "tourn"]
[EventRounds "13"]
[EventCountry "HUN"]
[EventCategory "9"]
[SourceTitle "CBM 076"]
[Source "ChessBase"]
[SourceDate "2000.05.31"]
[SourceVersion "1"]
[SourceVersionDate "2000.05.31"]
[SourceQuality "1"]

1. e4 c5 2. Nf3 d6 3. d4 cxd4 4. Nxd4 Nf6 5. Nc3 Nc6 6. Be2 e5 7. Nf3 h6 8. O-O
Be7 9. Re1 O-O 10. Bf1 Bg4 11. h3 Bh5 12. g4 Bg6 13. Bg2 (13. Nh4 Nh7 (13...
Bxe4 14. Nxe4 Nxe4 15. Nf5 (15. Rxe4 d5 $5 (15... Bxh4 16. Bc4 $15) 16. Re2
Bxh4 17. Bg2 e4 $15) 15... d5 16. Bg2 Bc5 17. Bxe4 dxe4 18. Qe2 Nd4 19. Qxe4
Nxf5 20. Qxf5 $11) 14. Nf5 (14. Nxg6 fxg6 $132 {[%csl Rf4][%cal Gf8f2]}) 14...
Bxf5 15. exf5 Bg5 16. Be3 Bxe3 17. Rxe3 Rc8 18. Bg2 Nf6 19. Ne4 Nxe4 20. Bxe4
Qf6 21. Rd3 (21. c3 $14) 21... Rfd8 22. Qd2 Ne7 23. c3 $14 {1/2-1/2 Simagin,
A-Gulko Boris F/Moscow ch RUS 1982 (50)}) (13. Bc4 Na5 14. Bb3 Nxb3 15. axb3 a6
16. Qd3 Rc8 $11 {0-1 Hoelzl,F-Lobron,E/Graz zt (4) 1993 (37)}) 13... Nd7 {
[%csl Gd5,Ge4] Purpose of this move is unclear. Maybe to prevent Nh4.} (13...
Rc8 14. a3 (14. Nd2 Nd4 15. Nb3 Nxb3 (15... Ne6 16. Be3 a6 17. a4 $14 {1-0
Bogut,Z-Jankovic,B/Pula CRO 1999 (30)}) 16. axb3 {[%csl Rd5][%cal Ga1a7]} a6
17. Be3 Qc7 $132 18. Qe2 (18. Qd3 d5 $1) 18... Qc6 19. Qd3 Rfd8 20. Red1 Qc7 $1
$132 {[%cal Gd6d5]}) 14... Na5 15. Nh2 a6 16. Nf1 Re8 (16... Nc4 17. Qe2 b5 18.
b3 Nxa3 19. Rxa3 Rxc3 20. Rxa6 Qc8 $1 (20... Qc7 21. Ne3 Rc6 22. Qxb5 Rxa6 23.
Qxa6 $16) (20... b4 21. Ne3 Bxe4 22. Bxe4 Nxe4 23. Nd5 Nc5 24. Ra7 $16 {
1/2-1/2 Vazquez,R-Aguilar,J/Santiago zt ,EXT 1989 (75)}) 21. Ra2 Qc5 $132)) (
13... Nh7 $2 14. Nd5 Ng5 $142 (14... Bg5 $2 15. Nxg5 Nxg5 16. c3 $16 {1-0
Zapata,A-Hernandez,G/Cienfuegos 1997/CBM 59/ (31)}) 15. Nxe7+ Qxe7 16. Nxg5
hxg5 17. Be3 $14) 14. Be3 (14. a3 Rc8 $132) 14... Rc8 15. Qd2 Nf6 $6 $14 {
N come back, and White play} (15... Nc5 $5 $132 {[%cal Gc5e4,Ge7h4]}) 16. Nh4
$1 {[%csl Ge4,Rg6][%cal Gh4f5]} Nxe4 17. Nxe4 Bxe4 18. Bxe4 Bxh4 19. Rad1 $1 (
19. Bxh6 $2 d5 $3 $17 (19... gxh6 20. Qxh6 $18)) 19... Be7 (19... Ne7 $1 20.
Qxd6 (20. Bxb7 Rb8 21. Bg2 Rxb2 $15) (20. c3 f5 21. Bxb7 Rc7 22. Bd5+ Kh8 $132)
20... Qxd6 21. Rxd6 f5 22. gxf5 Nxf5 23. Bxf5 Rxf5 24. c3 a6 $14) 20. Bxh6 $1
Nd4 21. Be3 $2 $17 {[%mdl 8192]} (21. c3 d5 (21... Ne6 22. Be3 $16) 22. cxd4
dxe4 23. Be3 exd4 24. Qxd4 Qxd4 25. Rxd4 Bf6 26. Rxe4 Rc2 27. Bxa7 $16) 21...
Rxc2 $1 22. Qd3 Rxb2 23. Bxd4 exd4 24. Bd5 Bh4 $2 $132 {Black returns a
generous gift given by the opponent - advantage.} (24... Bf6 $17 {[%cal Gd8a5]}
25. Rb1 (25. Bb3 Qa5 26. Qe4 Rd8 $17 {[%cal Gd6d5]}) 25... Qa5 26. Qf5 Be5 27.
Rxb2 Qxe1+ 28. Kg2 Qa5 $17) 25. Re2 Rxe2 26. Qxe2 Qf6 (26... Re8 27. Qf3 Qf6
28. Rxd4 Qxf3 29. Bxf3 $44) 27. Bxb7 Rb8 (27... Qf4 28. Rd3 $132) 28. Bd5 Qf4 (
28... Qe5 29. Qf3 Qf6 $11) 29. Kg2 Bf6 $6 {[%mdl 8192]} (29... Qe5 $11) (29...
g6 30. Rd3 Qe5 31. Qf3 Qf6 $11) 30. Rb1 $1 Rf8 (30... Rxb1 31. Qe8+ Kh7 32.
Be4+ g6 33. Qxf7+ Kh8 34. Bxg6 $18) 31. Rb7 Be5 32. Qf3 d3 $6 $14 (32... a5 $11
) 33. Qxd3 Qh2+ (33... Bd4 $2 34. Bxf7+ $1 Rxf7 35. Rb8+ Rf8 36. Qc4+ Kh8 37.
Rxf8+ Qxf8 38. Qxd4 Qe7 39. Kg3 $16) 34. Kf1 Rc8 $4 {[%mdl 8192]} (34... Qf4
35. Qe3 $1 {[%csl Rf7]} (35. Rxa7 $2 Bd4 $17) 35... Qxe3 36. fxe3 a5 37. Ra7 (
37. Ke2 g5 $11) 37... Bc3 38. Rc7 Bb4 39. h4 g6 40. Ke2 Kg7 41. a4 Kf6 42. g5+
Kg7 {Black pieces have not useful moves. But how White can improve K,R,B
position?} (42... Kf5 43. Bxf7 Bc5 (43... Kg4 44. Rc4+ Kh5 (44... Kg3 45. Bxg6
$18) 45. Bd5 $18) 44. Kf3 Rh8 45. e4+ Ke5 46. Bxg6 Rxh4 47. Re7+ Kd4 48. Bf5
Rh1 49. g6 $18) 43. Ra7 Bc3 $14 (43... Kg8 44. e4 (44. h5 gxh5 45. g6 h4 46.
gxf7+ Kg7 47. Kf3 Rh8 $14) 44... Kg7 45. Rc7 Kg8 46. Kd3 (46. Ra7 Bc3 $14)
46... Be1 $14)) 35. Rxf7 (35. Qf5 Qxh3+ 36. Bg2 Rc1+ 37. Ke2 $18) 35... Kh8 36.
Qf5 Qxh3+ 37. Ke2 (37. Bg2 $4 Rc1+ 38. Ke2 Re1+ 39. Kxe1 Qc3+ 40. Ke2 Qb2+ $11)
37... Re8 38. Rf8+ Rxf8 39. Qxf8+ Kh7 40. Qg8+ Kg6 41. Qe6+ Kh7 42. Be4+ g6 43.
Qxg6+ Kh8 44. Qe8+ Kg7 45. Qe7+ Kg8 46. Bd5+ Kh8 47. Qf8+ 1-0

[Event "San Francisco Mechanics"]
[Site "San Francisco"]
[Date "1998.07.12"]
[Round "3"]
[White "Kobese, Watu"]
[Black "Atalik, Suat"]
[Result "0-1"]
[WhiteElo "2330"]
[BlackElo "2595"]
[Annotator "Gofshtein,L"]
[PlyCount "100"]
[EventDate "1998.07.10"]
[EventType "tourn"]
[EventRounds "9"]
[EventCountry "USA"]
[EventCategory "10"]
[SourceTitle "CBM 066"]
[Source "ChessBase"]
[SourceDate "1998.09.30"]
[SourceVersion "1"]
[SourceVersionDate "1998.09.30"]
[SourceQuality "1"]

1. e4 {Tyomkin,D} c5 2. Nf3 d6 3. d4 cxd4 4. Nxd4 Nf6 5. Nc3 Nc6 6. Be2 e5 7.
Nf3 h6 8. O-O Be7 9. Re1 O-O 10. h3 Be6 11. Bf1 Nb8 12. b3 a6 13. Bb2 Re8 $146
(13... b5 14. a4 b4 15. Nd5 Nxd5 16. exd5 Bf5 17. a5 Qc7 $132 {Grunthal,
R-Nieminen,K/FIN-chT 1993/1/2-1/2(42)}) (13... Nbd7 14. a4 (14. Qd2 Qc7 15. Nd5
Nxd5 16. exd5 Bf5 17. c4 a5 18. Qd1 Nc5 19. Nd2 Bg5 20. Nb1 Bg6 21. Nc3 Qb6 22.
Ba3 Rac8 {1/2-1/2 Reyes,J-San Segundo,P/ESP-chT 1990}) (14. Nd5 Nxd5 15. exd5
Bf5 16. c4 Bf6 (16... Re8 17. b4 e4 18. Nd4 Bg6 19. Nb3 Bf6 20. Bxf6 Qxf6 21.
Qd2 Ne5 $132 {[%cal Ge5d3] Jonasson,B-Ulfarsson,M/ISL-ch 1996/0-1(41)}) 17. b4
Re8 18. a3 Bh7 $13 {Barua-Kosten, London 1989}) 14... Rc8 $142 (14... Qc7 $6
15. Nd2 Rad8 16. Nc4 Rfe8 (16... Nc5 17. Qf3 Qc6 18. Rad1 Rfe8 19. a5 Kf8 20.
Nb6 Ncxe4 21. Nxe4 Qxc2 22. Nxf6 Bxf6 23. Ba3 $16 {1/2-1/2 Womacka,M-Pribyl,M/
BL2-O9697 1997}) 17. Ne3 Qc6 18. f3 Qc5 19. Kh2 Nh5 20. g3 Bg5 21. Qe2 Ndf6 $13
{Womacka,M-Aseev,K/Porz op26 1991/0-1(34)}) 15. Nd2 (15. a5 Qc7 16. Nd2 Rfd8
17. Nc4 Bf8 18. Qf3 Qb8 19. Rad1 Rc6 20. Rd2 Rdc8 $11 {Apicella-Gentilleau,
Linares 1995}) 15... Qa5 (15... Rc6 16. a5 Qb8 17. Nc4 Qc7 18. Qf3 Re8 19. Red1
Qb8 20. Nd5 Bd8 $11 {Gentilleau-Garcia, Linares 1995}) 16. Nc4 Bxc4 17. Bxc4
Nb6 18. Bf1 Rfd8 (18... Rxc3 $5 19. Qd2 Rfc8 20. Re3 R3c5 21. b4 Rxc2 22. Qxc2
(22. Qe1 $6 Qxa4 23. Rxa4 Nxa4 $17) 22... Rxc2 23. bxa5 Rxb2 24. axb6 Rxb6 25.
Rc1 $14) 19. Qf3 {1/2-1/2 Cigan,S-Grosar,A/Maribor 1990}) (13... Qa5 14. a3 Rc8
15. Rc1 Rxc3 16. Qd2 Rc5 (16... Nxe4 $1 17. Rxe4 Qd5 $13) 17. b4 Qb6 18. bxc5
Qxb2 19. cxd6 Bf8 20. Qd3 Qb6 21. Rb1 $13 {Drozdov,I-Kozul,Z/Ljubljana op 1994/
1-0(40)}) 14. a4 Nc6 $6 {Trying to use weak b4 square.} (14... Nbd7 $142 15.
Nd5 Nxd5 16. exd5 Bf5 {with tipical for this opening position}) 15. g3 $6 (15.
Nd5 $5 Bxd5 (15... Bf8 16. c4 $16) 16. exd5 Nb4 17. c4 $16 {[%cal Ga4a5]} a5
$132 {[%cal Gf6d7,Gd7c5]}) 15... Rc8 16. Bg2 Qd7 17. Kh2 Bd8 $5 $132 {[%cal
Gd8a5,Gd8b6] Now all of black pieses finds their best positions.} 18. Re2 Ba5 (
18... Bb6 $5 {[%cal Gc6d4]} 19. Nd5 Bxd5 20. exd5 Nb4 21. a5 $1 Bc5 22. c4 $14)
19. Nd5 Bxd5 20. exd5 Ne7 21. c4 Nf5 {[%cal Ge5e4,Ge4e3]} 22. Ne1 (22. g4 $6
Ne7 {[%cal Ge7g6,Gg6f4]}) 22... Nd4 23. Re3 (23. Bxd4 exd4 24. Nd3 Rxe2 25.
Qxe2 Bc3 26. Rd1 Re8 27. Qf3 a5 $36 {[%cal Gb7b6,Yd7e7]}) 23... Bb6 $15 24. a5
Ba7 25. Rc1 Qf5 26. Kg1 Qg6 {[%cal Gf6h5,Yf7f5]} 27. g4 $6 {It was not
necessary to make additional weaknesses on kingside.} (27. b4 Nh5 {[%cal Rd4f5,
Rf5g3]} 28. Kh2 Nf5 29. Re2 Nfxg3 $1 30. fxg3 Qxg3+ 31. Kh1 Qf4 32. Rc3 Rxc4
$19) 27... h5 28. Bxd4 (28. Rg3 $2 Nf5 $1 $19) 28... Bxd4 29. Rg3 hxg4 30. Nc2
(30. hxg4 Nh5 31. Rh3 Nf4 $17) 30... Ba7 31. Ne3 Bxe3 32. fxe3 e4 $17 {[%csl
Rg1,Rg2][%cal Ge8e5]} 33. hxg4 Re5 34. Rc2 Qg5 (34... Rg5 $5 35. Bh3 Nd7 $17 {
[%cal Gd7e5,Yf7f5]}) 35. Bf1 Qh4 36. Rgg2 Rg5 37. Be2 Qh3 {[%csl Re3]} 38. Kf2
Re8 39. Rc3 Ree5 40. Kg1 Rg6 {[%cal Ge5g5]} 41. Rh2 $8 Qg3+ 42. Rg2 Qh4 43. Rh2
Qg5 44. Rg2 Qh6 45. Qf1 (45. Rh2 Rh5 $19) 45... Reg5 46. Qf4 $8 Nxg4 47. Bxg4
Rxg4 48. Qxg4 Rxg4 49. Rxg4 Qf6 $19 {On the board almost equal material,but
discoordination between white pieses makes whites position hopeless.} 50. Rc2
Qf3 (50... Qf3 51. Rcg2 Qxe3+ 52. Kh2 g6 53. R2g3 Qd2+ 54. Rg2 Qd3 $19 {
[%cal Ge4e3] o^e}) 0-1